00542nam a2200133Ia 4500008004100000100002600041245006500067245012800132260005300260260000900313300001000322650001500332856006100347170221s9999 xx 000 0 und d aMuhamad Firdaus Anwar aImplementation of Performance Based Contracting in Malaysia  cMuhamad Firdaus Anwar, Nur Diyana Md. Shariff, Teoh Chia Chia, Lim Xin Jie, Salman Riazi Mehdi Riazi, Mohd Nasrun Mohd Nawi bInternational Review of Management and Marketing c2012 a1 : 2 xMarketing. uhttp://www.econjournals.com/index.php/irmm/issue/view/97